Gaming Quiz

Random Gaming or Card Games Quiz

'Magic: The Gathering' Abilities Quiz Stats

 Plays Quiz Updated Aug 28, 2019

Score 0/180 Timer 15:00
3 Plays Today
Debut Release Ability % Correct
Limited EditionFlying
89.8%
Limited EditionTrample
82.3%
Limited EditionFirst Strike
79.3%
Classic - Sixth EditionHaste
72.8%
LegionsDouble Strike
69.4%
Limited EditionBanding
66.6%
Limited EditionLandwalk
66.3%
Future SightDeathtouch
64.6%
Time SpiralFlash
63%
Limited EditionProtection
62.3%
Future SightLifelink
62.3%
Magic 2012Hexproof
61%
Darksteel - Magic 2014Indestructible
60.9%
Champions of KamigawaVigilance
60.7%
Future SightShroud
57.5%
Scars of MirrodinInfect
56.5%
MirrodinAffinity
53.2%
OnslaughtMorph
53%
Future SightReach
52.3%
Zendikar (Ability)Landfall
52.2%
Urza's SagaCycling
52.1%
Ravnica AllegianceRiot
51.5%
OdysseyFlashback
51.2%
Guilds of RavnicaMentor
51.2%
Portal: Three KingdomsHorsemanship
51.2%
Ravnica: City of GuildsDredge
50.7%
Champions of KamigawaBushido
50%
TempestShadow
49.2%
Rise of the EldraziAnnihilator
48.9%
Magic OriginsMenace
48.9%
Guilds of RavnicaJump-Start
48.9%
OnslaughtFear
48.3%
Champions of KamigawaDefender
47.9%
Ravnica: City of GuildsConvoke
47.5%
Betrayers of KamigawaNinjutsu
46.4%
Khans of TarkirProwess
46.1%
AmonkhetEmbalm
45.5%
Ravnica AllegianceAfterlife
44.7%
GatecrashEvolve
44.5%
MirrodinEquip
44.4%
InvasionKicker
44.2%
MirageFlanking
43.5%
MiragePhasing
43.1%
Dragons of TarkirMegamorph
43.1%
Theros (Ability)Heroic
42.7%
GatecrashExtort
42.6%
ZendikarIntimidate
42.5%
Ravnica AllegianceSpectacle
41.7%
Ice AgeCumulative Upkeep
41.2%
ScourgeStorm
41%
Battle for ZendikarDevoid
41%
Fifth DawnSunburst
40.6%
Gatecrash (Ability)Battalion
40.5%
Shards of AlaraExalted
40.4%
Time SpiralSuspend
40.4%
TormentMadness
40.3%
Guilds of Ravnica (Ability)Undergrowth
40.2%
Scars of Mirrodin (Ability)Metalcraft
40%
GuildpactBloodthirst
40%
KaladeshCrew
40%
Debut Release Ability % Correct
ShadowmoorWither
39.7%
Return to RavnicaOverload
39.4%
Return to RavnicaScavenge
39%
Gatecrash (Ability)Bloodrush
38.9%
Khans of Tarkir (Ability)Raid
38.8%
Hour of DevastationEternalize
38.8%
Aether Revolt (Ability)Revolt
38.7%
Return to RavnicaUnleash
38.5%
IxalanEnrage
38.3%
Dark AscensionUndying
38%
Dissension (Ability)Hellbent
38%
Ravnica Allegiance (Ability)Addendum
37.9%
GatecrashCipher
37.9%
Future SightDelve
37.8%
DissensionGraft
37.7%
Alara RebornCascade
37.4%
LegendsRampage
37.4%
GuildpactHaunt
37.3%
TherosBestow
37.1%
Ravnica: City of GuildsTransmute
36.9%
Urza's SagaEcho
36.8%
Journey into Nyx (Ability)Constellation
36.5%
ShadowmoorPersist
36.4%
TempestBuyback
36.1%
NemesisFading
35.7%
Odyssey (Ability)Threshold
34.9%
DissensionForecast
34.8%
Rivals of IxalanAscend
34.7%
ScourgeLandcycling
34%
WorldwakeMultikicker
33.9%
Champions of KamigawaSplice
33.9%
Shards of AlaraUnearth
33.6%
Khans of Tarkir (Ability)Ferocious
33.5%
Rise of the EldraziLevel
33.4%
GuildpactReplicate
33.2%
LegendsBands with Others
32.9%
Shards of AlaraDevour
32.9%
Avacyn RestoredMiracle
32.9%
Future SightPoisonous
32.8%
Shadows over InnistradDelirium
32.8%
Fate ReforgedDash
32.6%
Khans of TarkirOutlast
32.5%
DarksteelModular
32.1%
Shadows over InnistradSkulk
32.1%
LorwynChampion
31.9%
Ravnica: City of Guilds (Ability)Radiance
31.8%
Battle for Zendikar (Ability)Rally
31.8%
Avacyn RestoredSoulbond
31.3%
Aether RevoltImprovise
31%
Champions of KamigawaSoulshift
30.5%
Commander 2016Partner
30.4%
Commander 2017 (Ability)Eminence
30.3%
Eventide (Ability)Chroma
30.2%
Eldritch MoonEmerge
30.1%
Innistrad (Ability)Morbid
29.6%
Mirrodin BesiegedBattle cry
29.5%
Planar ChaosVanishing
29.3%
Battle for ZendikarIngest
29.2%
Ninth EditionEnchant
29%
Conspiracy (Ability)Will of the council
28.7%
Debut Release Ability % Correct
Conflux - Invasion (Ability)Domain
28.6%
ConspiracyDethrone
28.6%
KaladeshFabricate
28.4%
Dragon's MazeFuse
27.9%
LorwynEvoke
27.3%
Mirrodin (Ability)Imprint
27.2%
Rise of the EldraziRebound
27.2%
BattlebondAssist
27.1%
Hour of DevastationAfflict
27.1%
Time SpiralSplit Second
26.9%
Saviors of KamigawaEpic
26.9%
Magic OriginsRenown
26.7%
Battle for Zendikar (Ability)Converge
26.6%
LegionsProvoke
26.1%
Future SightTypecycling
25.7%
ColdsnapRipple
25.4%
Born of the Gods (Ability)Inspired
25.3%
Magic Origins (Ability)Spell mastery
25.2%
Dragons of TarkirExploit
25.1%
LorwynChangeling
25%
Dark Ascension (Ability)Fateful hour
24.7%
Future SightGravestorm
24.3%
MirrodinEntwine
23.6%
Dragons of Tarkir (Ability)Formidable
23.6%
LegionsAmplify
23.4%
ShadowmoorConspire
23.4%
AmonkhetAftermath
23.3%
Morningtide (Ability)Kinship
22.9%
Future SightAbsorb
22.7%
Saviors of Kamigawa (Ability)Sweep
22.6%
Oath of the GatewatchSurge
22.5%
Future SightFortify
22.4%
Oath of the Gatewatch (Ability)Cohort
22.2%
Commander 2014 (Ability)Lieutenant
22.1%
Saviors of Kamigawa (Ability)Channel
21.9%
Born of the GodsTribute
21.6%
Battle for ZendikarAwaken
21.6%
Betrayers of KamigawaOffering
21.5%
Mirrodin BesiegedLiving weapon
21.2%
Future Sight (Ability)Grandeur
20.6%
Commander 2015Myriad
20.1%
EventideRetrace
20%
Future Sight Aura Swap
19.9%
Commander (Ability)Join forces
19.8%
Conspiracy: Take the CrownMelee
19.2%
ColdsnapRecover
19.1%
MorningtideProwl
18.9%
Future SightFrenzy
18.9%
Rise of the EldraziTotem Armor
18.8%
MorningtideReinforce
18.7%
LorwynHideaway
18.6%
Future SightTransfigure
18.5%
Eldritch MoonEscalate
18.2%
Conspiracy (Ability)Parley
18%
Commander 2013 (Ability)Tempting offer
17.5%
ConspiracyHidden Agenda
17.2%
Conspiracy: Take the Crown (Ability)Council's dilemma
16.9%
Journey into Nyx (Ability)Strive
16.3%
Commander 2016Undaunted
14.2%
Conspiracy: Take the CrownDouble agenda
13.5%

You're not logged in!

Compare scores with friends on all Sporcle quizzes.
OR
Log In

Show Comments

Extras

Top Quizzes Today


Score Distribution

Your Account Isn't Verified!

In order to create a playlist on Sporcle, you need to verify the email address you used during registration. Go to your Sporcle Settings to finish the process.

Report this User

Report this user for behavior that violates our Community Guidelines.

Details: